| 000 | 00648nam a2200193Ii 4500 | ||
|---|---|---|---|
| 003 | JO-AjNU | ||
| 008 | 230605s9999||||xx |||||||||||||| ||und|| | ||
| 040 |
_aJO-AjNU _bara _erda _cJO-AjNU |
||
| 041 | _aara | ||
| 050 | 1 | 4 | _aBR145.2.J412 |
| 100 | 3 |
_aجنيبير، شارل ؛ ترجمة عبد الحليم محمود, _eauthor _941050 |
|
| 245 | 0 | 0 | _aالمسيحية نشأتها وتطورها |
| 264 | 3 | 1 | _aبيروت: المكتبة العصرية، د.ت |
| 300 | _a209ص | ||
| 336 |
_atext _btxt _2rdacontent |
||
| 337 |
_aunmediated _bn _2rdamedia |
||
| 338 |
_avolume _bnc _2rdacarrier |
||
| 650 | 4 |
_aالمسيحية- تاريخ _941051 |
|
| 999 |
_aA17470 _c21038 _d21038 |
||